Countries With More Than One Demonym #2 - Statistics

General Stats
  • This quiz has been taken 23 times
  • The average score is 25 of 43
Answer Stats
Country Demonyms % Correct
South Korea Korean
100%
Croatia Croat
95%
France French
95%
Greece Greek
95%
Hungary Hungarian
95%
Iran Iranian
95%
Ireland Irish
95%
Kazakhstan Kazakh
95%
Bosnia and Herzegovina Bosnian
91%
Argentinian
86%
Gabon Gabonese
86%
Persian
86%
Azerbaijan Azerbaijani
82%
Croatian
82%
United Kingdom English
82%
Kyrgyz
82%
Antigua and Barbuda Antiguan
77%
South Korean
77%
Barbudan
68%
Kazakhstani
68%
Kyrgyzstani
68%
Benin Beninese
64%
Burundian
64%
Azeri
59%
Magyar
59%
Herzegovinian
55%
Salvadorian
55%
Argentina Argentine
50%
Comorian
45%
El Salvador Salvadoran
45%
Frenchwoman
41%
Englishwoman
36%
Equatorial Guinean
36%
Irishwoman
32%
Comoros Comoran
27%
Equatorial Guinea Equatoguinean
23%
Salvadorean
18%
Hellene
9%
Burundi Barundi
5%
Beninois
5%
Gabonaise
5%
Kirghiz
5%
Kyrgyzstan Kirgiz
5%
No matching quizzes found
Score Distribution
Percent of People with Each Score
Percentile by Number Answered
Your Score History
You have not taken this quiz